[Event "NED-ch 1984"]
[Site "Hilversum"]
[Date "1984.??.??"]
[Round "7"]
[White "Bohm, Hans"]
[Black "Ligterink, Gert"]
[Result "1-0"]
[WhiteElo "2415"]
[BlackElo "2440"]
[PlyCount "119"]
[EventDate "1984.??.??"]
[Source "ChessBase"]
[SourceDate "1999.07.01"]

1. d4 Nf6 2. c4 c5 3. Nf3 cxd4 4. Nxd4 e6 5. g3 d5 6. Bg2 e5 7. Nf3 d4 8. O-O
Nc6 9. a3 a5 10. e3 Bc5 11. exd4 exd4 12. Re1+ Be6 13. Bg5 O-O 14. Nbd2 h6 15.
Bxf6 Qxf6 16. Qb3 Qe7 17. Ne5 Qc7 18. Nd3 a4 19. Qd1 Bd6 20. c5 Be7 21. Rc1 Bg5
22. f4 Be7 23. h3 Bf5 24. Ne4 Rfe8 25. Rc2 Bxe4 26. Rxe4 Bf8 27. Qe1 Rxe4 28.
Qxe4 Rd8 29. Re2 Na5 30. Qf5 Nb3 31. Re5 Rc8 32. Rd5 g6 33. Qg4 Nxc5 34. Nxc5
Bxc5 35. Rd7 Qa5 36. Rxf7 Kxf7 37. Qd7+ Kf6 38. Qxc8 d3+ 39. Kh2 d2 40. Qh8+
Ke7 41. Qe5+ Kd7 42. Qd5+ Ke8 43. Qe4+ Kf8 44. Qd3 Ke7 45. h4 Qd8 46. Bd5 Qh8
47. Qxd2 Qd4 48. Qe2+ Qe3 49. Qb5 Qd2+ 50. Bg2 b6 51. Qxa4 Qxb2 52. Qe4+ Kf6
53. Qc6+ Kg7 54. Qd7+ Kh8 55. Qe8+ Kg7 56. Qd7+ Kh8 57. a4 Qf6 58. Be4 Be7 59.
Qe8+ Kg7 60. Bxg6 1-0

[Event "NED-ch 1984"]
[Site "Hilversum"]
[Date "1984.??.??"]
[Round "7"]
[White "Langeweg, Kick"]
[Black "Cuijpers, Frans"]
[Result "1/2-1/2"]
[WhiteElo "2415"]
[BlackElo "2365"]
[PlyCount "81"]
[EventDate "1984.??.??"]
[Source "ChessBase"]
[SourceDate "1999.07.01"]

1. d4 d5 2. c4 c6 3. Nc3 Nf6 4. Nf3 e6 5. Bg5 dxc4 6. e4 b5 7. e5 h6 8. Bh4 g5
9. Nxg5 hxg5 10. Bxg5 Nbd7 11. exf6 Bb7 12. g3 c5 13. d5 Bh6 14. Bxh6 Rxh6 15.
Qd2 Rxf6 16. O-O-O b4 17. Ne4 exd5 18. Nxf6+ Qxf6 19. Bxc4 Nb6 20. Rhe1+ Kf8
21. Bf1 a5 22. Qe3 Rc8 23. Qe5 Qxe5 24. Rxe5 d4 25. Bh3 Rc7 26. Rde1 Bd5 27.
Re8+ Kg7 28. Rb8 Rc6 29. Re5 Bxa2 30. Rg5+ Kf6 31. Rh5 Kg7 32. Bf5 Be6 33. Bxe6
fxe6 34. Rb7+ Kf6 35. Rbh7 Rc8 36. h4 Nd5 37. R7h6+ Ke7 38. Re5 Nf6 39. Rg5 Nd5
40. Re5 Nf6 41. Rg5 1/2-1/2

[Event "NED-ch 1984"]
[Site "Hilversum"]
[Date "1984.??.??"]
[Round "7"]
[White "Stehouwer, Coen"]
[Black "Scheeren, Peter"]
[Result "0-1"]
[WhiteElo "2285"]
[BlackElo "2445"]
[PlyCount "138"]
[EventDate "1984.??.??"]
[Source "ChessBase"]
[SourceDate "1999.07.01"]

1. e4 e5 2. Nf3 Nc6 3. Bb5 a6 4. Ba4 d6 5. O-O Bd7 6. c3 Nf6 7. Re1 g6 8. d4
Qe7 9. Nbd2 Bg7 10. a3 O-O 11. Bc2 Nh5 12. dxe5 Nxe5 13. Nxe5 dxe5 14. Nf1 Rad8
15. Qf3 Be6 16. Be3 Nf6 17. h3 Nd7 18. Rad1 a5 19. Qe2 b6 20. Nd2 Nf6 21. b4
Ra8 22. Ra1 Nh5 23. Nb3 Nf4 24. Qf1 Rfd8 25. Red1 Rxd1 26. Bxd1 axb4 27. axb4
Rxa1 28. Nxa1 Qd7 29. Qe1 Qc6 30. f3 Qc4 31. Kh2 Qa2 32. Nc2 Bb3 33. Qd2 h5 34.
g3 Ne6 35. h4 Bf8 36. Kg2 c5 37. Kf1 cxb4 38. cxb4 b5 39. Ke2 Qb2 40. Qc1 Qxc1
41. Bxc1 Bxc2 42. Bxc2 Nd4+ 43. Kd1 Nxc2 44. Kxc2 Bxb4 45. Bb2 f6 46. Bc3 Bc5
47. Be1 f5 48. Bc3 Bd6 49. Be1 Kf7 50. Bf2 Ke6 51. Kd3 Bb4 52. Kc2 Kd6 53. Kd3
f4 54. gxf4 exf4 55. Bb6 Ke6 56. Bf2 Be7 57. Be1 g5 58. hxg5 Bxg5 59. Bd2 Ke5
60. Bc3+ Kd6 61. Bb4+ Kc6 62. Bd2 Kc5 63. Bc1 b4 64. Bd2 h4 65. Ke2 b3 66. Bc3
Kd6 67. Kf2 Ke6 68. e5 Bd8 69. Kg2 Bc7 0-1

[Event "NED-ch 1984"]
[Site "Hilversum"]
[Date "1984.??.??"]
[Round "7"]
[White "Van Wijgerden, Cor"]
[Black "Van Mil, Johan"]
[Result "1-0"]
[WhiteElo "2435"]
[BlackElo "2400"]
[PlyCount "75"]
[EventDate "1984.??.??"]
[Source "ChessBase"]
[SourceDate "1999.07.01"]

1. e4 c5 2. c3 d6 3. d4 Nf6 4. Bd3 g6 5. dxc5 dxc5 6. Qe2 Bg7 7. Nf3 O-O 8. O-O
Qc7 9. h3 Nc6 10. Re1 Nd7 11. Bg5 h6 12. Bh4 Nde5 13. Nbd2 Nxd3 14. Qxd3 Rd8
15. Qe2 Be6 16. Nc4 b5 17. Ne3 Qb7 18. a3 Rd7 19. Red1 Rad8 20. Rxd7 Rxd7 21.
Rd1 Na5 22. Rxd7 Qxd7 23. Qd2 Qxd2 24. Nxd2 Kf8 25. f4 b4 26. axb4 cxb4 27.
cxb4 Nc6 28. f5 Ba2 29. b5 Nd4 30. fxg6 fxg6 31. Nec4 Nxb5 32. Bf2 Nd4 33. Bxd4
Bxd4+ 34. Kf1 Ke8 35. b3 Kd7 36. Ke2 Kc6 37. Kd3 Kc5 38. b4+ 1-0

[Event "NED-ch 1984"]
[Site "Hilversum"]
[Date "1984.??.??"]
[Round "7"]
[White "Van der Wiel, John"]
[Black "Ree, Hans"]
[Result "0-1"]
[WhiteElo "2535"]
[BlackElo "2465"]
[PlyCount "54"]
[EventDate "1984.??.??"]
[Source "ChessBase"]
[SourceDate "1999.07.01"]

1. e4 c5 2. Nf3 e6 3. d4 cxd4 4. Nxd4 Nf6 5. Nc3 d6 6. g4 Be7 7. g5 Nfd7 8. h4
Nc6 9. Bg2 a6 10. b3 Nc5 11. Nde2 b5 12. a3 Bb7 13. Bb2 h6 14. g6 fxg6 15. Nf4
Ne5 16. b4 O-O 17. Bc1 g5 18. hxg5 Bxg5 19. Nh5 Bxc1 20. Rxc1 Qg5 21. Ng3 Ncd7
22. Nce2 Nc4 23. O-O Nf6 24. Nd4 Ng4 25. Bf3 Nge3 26. Nxe6 Nxd1 27. Nxg5 Nc3
0-1

[Event "NED-ch 1984"]
[Site "Hilversum"]
[Date "1984.??.??"]
[Round "8"]
[White "Kuijf, Rini"]
[Black "Langeweg, Kick"]
[Result "0-1"]
[WhiteElo "2405"]
[BlackElo "2415"]
[PlyCount "66"]
[EventDate "1984.??.??"]
[Source "ChessBase"]
[SourceDate "1999.07.01"]

1. d4 Nf6 2. Nf3 e6 3. e3 c5 4. Bd3 d5 5. c3 Nc6 6. O-O Bd6 7. Nbd2 O-O 8. dxc5
Bxc5 9. e4 h6 10. Qe2 Bb6 11. b4 Ng4 12. Bb2 Nce5 13. Nxe5 Nxe5 14. Bc2 d4 15.
cxd4 Bxd4 16. Rab1 Bxb2 17. Rxb2 Qd4 18. Rb3 Bd7 19. Nf3 Nxf3+ 20. Rxf3 Rac8
21. a3 Qb2 22. Bd1 Qxe2 23. Bxe2 Ba4 24. Bd1 Bb5 25. Re1 Rc1 26. Rfe3 Rd8 27.
Bb3 Rxe1+ 28. Rxe1 Rd2 29. a4 Rb2 30. Bd1 Bc4 31. f3 Rxb4 32. Kf2 Rb2+ 33. Kg3
e5 0-1

[Event "NED-ch 1984"]
[Site "Hilversum"]
[Date "1984.??.??"]
[Round "8"]
[White "Ligterink, Gert"]
[Black "Van der Sterren, Paul"]
[Result "1-0"]
[WhiteElo "2440"]
[BlackElo "2455"]
[PlyCount "138"]
[EventDate "1984.??.??"]
[Source "ChessBase"]
[SourceDate "1999.07.01"]

1. d4 Nf6 2. c4 e6 3. Nf3 d5 4. Nc3 Be7 5. Bg5 O-O 6. e3 h6 7. Bxf6 Bxf6 8. Qb3
c6 9. Rd1 Nd7 10. Be2 b6 11. O-O Bb7 12. e4 dxe4 13. Nxe4 Be7 14. Ne5 Qc7 15.
Qg3 f5 16. Ng6 Qxg3 17. Nxe7+ Kf7 18. Nxg3 Kxe7 19. Bf3 g6 20. Rfe1 Kf7 21. Ne2
e5 22. Nc3 e4 23. Be2 Rad8 24. f3 exf3 25. Bxf3 Nf6 26. c5 Rfe8 27. Rxe8 Nxe8
28. cxb6 axb6 29. Na4 b5 30. Nc5 Ba8 31. Rd3 Kf6 32. Ra3 b4 33. Ra7 Nd6 34.
Nd7+ Ke6 35. Nb6 Bb7 36. a4 bxa3 37. bxa3 Rb8 38. a4 g5 39. g3 c5 40. d5+ Ke7
41. a5 Kd8 42. a6 Bc8 43. Nxc8 Kxc8 44. Rh7 Rb1+ 45. Kf2 Kb8 46. a7+ Ka8 47.
Rxh6 Rb6 48. Rh7 Rb2+ 49. Ke1 g4 50. Bd1 Rb7 51. Rh6 Ne4 52. Bc2 Kxa7 53. Bxe4
fxe4 54. Ke2 Rb3 55. Rc6 Rc3 56. d6 Kb7 57. d7 Rd3 58. Rxc5 Rxd7 59. Ke3 Rh7
60. Kxe4 Rxh2 61. Kf4 Kb6 62. Rc1 Rh8 63. Kxg4 Rg8+ 64. Kf4 Rf8+ 65. Ke5 Rg8
66. Rg1 Kc7 67. g4 Kd7 68. Kf6 Rf8+ 69. Kg7 Ra8 1-0

[Event "NED-ch 1984"]
[Site "Hilversum"]
[Date "1984.??.??"]
[Round "8"]
[White "Scheeren, Peter"]
[Black "Van der Wiel, John"]
[Result "1/2-1/2"]
[WhiteElo "2445"]
[BlackElo "2535"]
[PlyCount "94"]
[EventDate "1984.??.??"]
[Source "ChessBase"]
[SourceDate "1999.07.01"]

1. d4 Nf6 2. c4 e6 3. g3 d5 4. Bg2 dxc4 5. Nf3 c5 6. O-O cxd4 7. Nxd4 a6 8.
Qa4+ Qd7 9. Qxc4 b5 10. Qb3 Bb7 11. Bxb7 Qxb7 12. a4 b4 13. Nd2 Bc5 14. Qf3
Qxf3 15. N4xf3 Nc6 16. Nb3 Ba7 17. Bf4 O-O 18. Rac1 Rfc8 19. Rc4 Nd5 20. Rfc1
Nce7 21. Bc7 Ne3 22. fxe3 Bxe3+ 23. Kf1 Bxc1 24. Rxc1 Nd5 25. Bf4 Rxc1+ 26.
Nxc1 f6 27. Bd2 e5 28. e4 Nb6 29. b3 a5 30. Ke2 Nd7 31. Nd3 Rc8 32. Kd1 Kf7 33.
Nh4 Rd8 34. Nf5 Nb8 35. Nb2 g6 36. Ne3 Nc6 37. Nc2 Ke6 38. Ke2 f5 39. exf5+
gxf5 40. Nc4 Rg8 41. Kf3 Rd8 42. Ke2 e4 43. Be3 Rd3 44. Nd2 h5 45. Bb6 h4 46.
Ne3 hxg3 47. hxg3 Ke5 1/2-1/2

[Event "NED-ch 1984"]
[Site "Hilversum"]
[Date "1984.??.??"]
[Round "8"]
[White "Van Mil, Johan"]
[Black "Cuijpers, Frans"]
[Result "1/2-1/2"]
[WhiteElo "2400"]
[BlackElo "2365"]
[PlyCount "97"]
[EventDate "1984.??.??"]
[Source "ChessBase"]
[SourceDate "1999.07.01"]

1. e4 d6 2. f4 g6 3. d3 Bg7 4. Be2 Nc6 5. c3 e5 6. Nf3 Nf6 7. O-O O-O 8. Qe1
Qe7 9. Qh4 Nd7 10. Qxe7 Nxe7 11. Na3 a6 12. fxe5 dxe5 13. Nc4 b6 14. Be3 Bb7
15. g4 h6 16. h4 f5 17. gxf5 gxf5 18. exf5 Nxf5 19. Bf2 Rae8 20. Nfd2 Nf6 21.
Rae1 e4 22. dxe4 Nxe4 23. Nxe4 Rxe4 24. Bf3 Rxe1 25. Bxe1 Ne3 26. Nxe3 Bxf3 27.
Bg3 c6 28. Nc4 b5 29. Ne5 Bd5 30. Rxf8+ Kxf8 31. a3 Ke7 32. Nd3 a5 33. Kf2 Ke6
34. a4 Kf5 35. Bc7 bxa4 36. Bxa5 Kg4 37. Bd8 Bc4 38. Nc5 a3 39. bxa3 Bxc3 40.
Ke3 Be1 41. Nd3 Bg3 42. a4 h5 43. Ke4 Ba6 44. Ne5+ Kh3 45. Nd3 Bxh4 46. Nf4+
Kg4 47. Bxh4 Kxh4 48. Ke3 Kg4 49. Nxh5 1/2-1/2

[Event "NED-ch 1984"]
[Site "Hilversum"]
[Date "1984.??.??"]
[Round "8"]
[White "Van Wijgerden, Cor"]
[Black "Stehouwer, Coen"]
[Result "1/2-1/2"]
[WhiteElo "2435"]
[BlackElo "2285"]
[PlyCount "49"]
[EventDate "1984.??.??"]
[Source "ChessBase"]
[SourceDate "1999.07.01"]

1. e4 c5 2. c3 Nf6 3. e5 Nd5 4. d4 cxd4 5. Nf3 d6 6. cxd4 Nc6 7. Bc4 Nb6 8. Bb5
dxe5 9. Nxe5 Bd7 10. Nc3 Nxe5 11. dxe5 Bxb5 12. Nxb5 Qxd1+ 13. Kxd1 Nd5 14. Bd2
e6 15. Ke2 Be7 16. Rac1 Kd7 17. Rhd1 Rhc8 18. Nc3 Nxc3+ 19. Rxc3 Rxc3 20. Bxc3+
Ke8 21. f4 Rd8 22. Rxd8+ Bxd8 23. Kd3 Kd7 24. g4 g6 25. Ke4 1/2-1/2

[Event "NED-ch 1984"]
[Site "Hilversum"]
[Date "1984.??.??"]
[Round "9"]
[White "Bohm, Hans"]
[Black "Scheeren, Peter"]
[Result "1-0"]
[WhiteElo "2415"]
[BlackElo "2445"]
[PlyCount "144"]
[EventDate "1984.??.??"]
[Source "ChessBase"]
[SourceDate "1999.07.01"]

1. d4 Nf6 2. c4 g6 3. Nc3 Bg7 4. g3 O-O 5. Bg2 d6 6. e3 e5 7. Nge2 Nbd7 8. b3
Re8 9. a4 e4 10. Qc2 Qe7 11. Ba3 c6 12. h3 h5 13. g4 hxg4 14. hxg4 g5 15. Ng3
Nf8 16. Ncxe4 Nxe4 17. Bxe4 Bxg4 18. Bh7+ Nxh7 19. Qxh7+ Kf8 20. Nf5 Bxf5 21.
Qxf5 Rad8 22. O-O-O Qf6 23. Qc2 g4 24. Rdg1 Qf3 25. Kb1 g3 26. Bc1 Qxf2 27.
Qxf2 gxf2 28. Rf1 c5 29. d5 Re4 30. Rxf2 Rde8 31. Kc2 Rg4 32. Rf3 a6 33. a5
Rg2+ 34. Bd2 Ke7 35. Kd3 Rh8 36. Rxh8 Bxh8 37. Rf1 Be5 38. Rb1 Kd7 39. b4 cxb4
40. Rxb4 Kc7 41. Rb1 Rf2 42. Bc3 Bh2 43. Bd4 f5 44. Rh1 Kd7 45. Kc3 Ra2 46. Kb3
Re2 47. Bb6 f4 48. exf4 Bxf4 49. Rh4 Bd2 50. Rh7+ Re7 51. Rh3 Bf4 52. Kc3 Be5+
53. Kd3 Rg7 54. Rh4 Bg3 55. Rh8 Be1 56. Rb8 Rg3+ 57. Ke2 Bb4 58. Rxb7+ Kc8 59.
Rc7+ Kb8 60. Rc6 Ra3 61. Bc7+ Kb7 62. Bxd6 Ra2+ 63. Kd3 Rd2+ 64. Ke4 Bxa5 65.
Bf4 Rd1 66. c5 Re1+ 67. Kd3 Rd1+ 68. Ke4 Re1+ 69. Kd3 Rd1+ 70. Kc4 Re1 71. Rf6
Re7 72. Bd6 Rh7 1-0

[Event "NED-ch 1984"]
[Site "Hilversum"]
[Date "1984.??.??"]
[Round "9"]
[White "Cuijpers, Frans"]
[Black "Kuijf, Rini"]
[Result "1/2-1/2"]
[WhiteElo "2365"]
[BlackElo "2405"]
[PlyCount "80"]
[EventDate "1984.??.??"]
[Source "ChessBase"]
[SourceDate "1999.07.01"]

1. e4 e6 2. d4 d5 3. Nc3 Bb4 4. Nge2 dxe4 5. a3 Bxc3+ 6. Nxc3 Nc6 7. Bb5 Nge7
8. Bg5 f6 9. Be3 a6 10. Bxc6+ Nxc6 11. Qd2 O-O 12. O-O-O e5 13. d5 Ne7 14. Nxe4
Bf5 15. f3 Nc8 16. g4 Bxe4 17. fxe4 Nd6 18. Qd3 Qd7 19. Rhg1 Rf7 20. b3 a5 21.
c4 b6 22. Kb2 Rff8 23. Rc1 Kh8 24. c5 bxc5 25. Rxc5 Rfb8 26. h3 Rb7 27. Rgc1
Rab8 28. Rxa5 Rxb3+ 29. Qxb3 Rxb3+ 30. Kxb3 h5 31. a4 Nxe4 32. Rb5 f5 33. gxf5
Qxf5 34. Ka3 Qxh3 35. Rb3 Qd7 36. a5 Qxd5 37. Ka4 Qd7+ 38. Ka3 Qd5 39. Ka4 Nd6
40. a6 Qe4+ 1/2-1/2

[Event "NED-ch 1984"]
[Site "Hilversum"]
[Date "1984.??.??"]
[Round "9"]
[White "Langeweg, Kick"]
[Black "Ligterink, Gert"]
[Result "1-0"]
[WhiteElo "2415"]
[BlackElo "2440"]
[PlyCount "81"]
[EventDate "1984.??.??"]
[Source "ChessBase"]
[SourceDate "1999.07.01"]

1. d4 Nf6 2. Nf3 e6 3. c4 a6 4. e3 c5 5. dxc5 Bxc5 6. a3 d5 7. b4 Bd6 8. Bb2
O-O 9. Nbd2 Nc6 10. Be2 Qe7 11. O-O Rd8 12. Qc2 Bd7 13. Rac1 Rac8 14. Qb1 Bc7
15. Rfd1 Be8 16. Nb3 dxc4 17. Bxc4 Rxd1+ 18. Rxd1 a5 19. b5 Na7 20. Nbd2 Bb6
21. a4 Rd8 22. Bd3 h6 23. Nc4 Nc8 24. Ba3 Qc7 25. Rc1 Qb8 26. g3 Bc7 27. Qc2
Nb6 28. Nxb6 Bxb6 29. Nd2 Nd5 30. Nc4 Bc7 31. Bh7+ Kh8 32. Be4 Bd7 33. Bb2 Nb4
34. Qc3 f6 35. Bb1 b6 36. Ba3 Nd5 37. Qc2 f5 38. Bb2 Bd6 39. e4 fxe4 40. Qxe4
Kg8 41. Qh7+ 1-0

[Event "NED-ch 1984"]
[Site "Hilversum"]
[Date "1984.??.??"]
[Round "9"]
[White "Stehouwer, Coen"]
[Black "Van Mil, Johan"]
[Result "1-0"]
[WhiteElo "2285"]
[BlackElo "2400"]
[PlyCount "109"]
[EventDate "1984.??.??"]
[Source "ChessBase"]
[SourceDate "1999.07.01"]

1. e4 c5 2. c3 d6 3. d4 Nf6 4. Bd3 g6 5. dxc5 dxc5 6. e5 Nd5 7. Be4 Nb6 8.
Qxd8+ Kxd8 9. f4 Kc7 10. Nf3 f5 11. Bd3 Be6 12. Na3 c4 13. Be2 Bd5 14. Be3 N8d7
15. Nb5+ Kc8 16. O-O a6 17. Nbd4 e6 18. Ng5 Nc5 19. Ndxe6 Nxe6 20. Nxe6 Na4 21.
Nxf8 Rxf8 22. Rad1 Rd8 23. Bc1 Kc7 24. Rd4 b5 25. Rfd1 Bc6 26. Kf2 Rxd4 27.
Rxd4 Rd8 28. Rxd8 Kxd8 29. g3 Kd7 30. Ke3 Nc5 31. Kd4 Ne6+ 32. Ke3 Nc5 33. Bd1
Nd3 34. Kd2 Nf2 35. Be2 Ng4 36. h4 h5 37. Ke1 Be4 38. b3 Bd5 39. Bd1 Nh6 40.
Ke2 Nf7 41. Be3 Nd8 42. Kd2 Kc6 43. Kc2 Ne6 44. Kb2 Nc7 45. Be2 a5 46. a4 bxa4
47. bxc4 Be4 48. Bd1 Kd7 49. Bxa4+ Bc6 50. Ka3 Bxa4 51. Kxa4 Kc6 52. Kxa5 Ne6
53. Bb6 Nf8 54. Ka6 Ne6 55. Ka7 1-0

[Event "NED-ch 1984"]
[Site "Hilversum"]
[Date "1984.??.??"]
[Round "9"]
[White "Van der Sterren, Paul"]
[Black "Ree, Hans"]
[Result "1-0"]
[WhiteElo "2455"]
[BlackElo "2465"]
[PlyCount "57"]
[EventDate "1984.??.??"]
[Source "ChessBase"]
[SourceDate "1999.07.01"]

1. d4 Nf6 2. c4 g6 3. Nc3 Bg7 4. e4 d6 5. f3 O-O 6. Be3 a6 7. Qd2 c6 8. a4 a5
9. Bd3 Na6 10. Rd1 e5 11. Nge2 Nb4 12. Bb1 exd4 13. Nxd4 Qe7 14. O-O Rd8 15.
Bg5 Qc7 16. Qf4 Qe7 17. Qh4 Re8 18. e5 dxe5 19. Ne4 exd4 20. Bxf6 Qe6 21. Rfe1
Bd7 22. Bxd4 Bxd4+ 23. Rxd4 Kg7 24. Red1 Bc8 25. Kh1 h6 26. Nd6 Rf8 27. Re1 Qd7
28. Re7 g5 29. Qe4 1-0

[Event "NED-ch 1984"]
[Site "Hilversum"]
[Date "1984.??.??"]
[Round "9"]
[White "Van der Wiel, John"]
[Black "Van Wijgerden, Cor"]
[Result "1-0"]
[WhiteElo "2535"]
[BlackElo "2435"]
[PlyCount "69"]
[EventDate "1984.??.??"]
[Source "ChessBase"]
[SourceDate "1999.07.01"]

1. e4 d6 2. d4 Nf6 3. Nc3 g6 4. Be3 Bg7 5. Qd2 c6 6. Bh6 Bxh6 7. Qxh6 Qa5 8.
Bd3 Na6 9. Nf3 Bg4 10. Ng5 Nc7 11. h3 Be6 12. O-O Ng8 13. Qh4 h6 14. d5 Bd7 15.
Rae1 Qb4 16. dxc6 bxc6 17. Re3 f6 18. Nf3 g5 19. Qh5+ Kf8 20. Nd2 Be8 21. Qd1
Qxb2 22. Bc4 Qb7 23. Nb3 h5 24. f4 gxf4 25. Rxf4 Nh6 26. Rxf6+ exf6 27. Qxd6+
Kg7 28. Qe7+ Kg6 29. Rg3+ Ng4 30. hxg4 Qb6+ 31. Kf1 h4 32. g5 hxg3 33. Qxf6+
Kh5 34. Be2+ Kh4 35. g6# 1-0

[Event "NED-ch 1984"]
[Site "Hilversum"]
[Date "1984.??.??"]
[Round "10"]
[White "Ree, Hans"]
[Black "Langeweg, Kick"]
[Result "1-0"]
[WhiteElo "2465"]
[BlackElo "2415"]
[PlyCount "43"]
[EventDate "1984.??.??"]
[Source "ChessBase"]
[SourceDate "1999.07.01"]

1. c4 Nf6 2. Nc3 e6 3. Nf3 Bb4 4. Qc2 O-O 5. a3 Bxc3 6. Qxc3 b6 7. b4 Bb7 8.
Bb2 d6 9. e3 e5 10. d3 Nbd7 11. Be2 Ng4 12. O-O Qe7 13. d4 f6 14. c5 bxc5 15.
bxc5 Bd5 16. dxe5 dxe5 17. c6 Nb6 18. a4 Rfd8 19. a5 Nc8 20. Rfd1 Be6 21. Rxd8+
Qxd8 22. Ng5 1-0

[Event "NED-ch 1984"]
[Site "Hilversum"]
[Date "1984.??.??"]
[Round "10"]
[White "Stehouwer, Coen"]
[Black "Van der Wiel, John"]
[Result "0-1"]
[WhiteElo "2285"]
[BlackElo "2535"]
[PlyCount "83"]
[EventDate "1984.??.??"]
[Source "ChessBase"]
[SourceDate "1999.07.01"]

1. e4 d6 2. d4 Nf6 3. Nc3 g6 4. f4 Bg7 5. Nf3 O-O 6. Bd3 Na6 7. O-O c5 8. d5
Rb8 9. Kh1 Bg4 10. Qe1 Nb4 11. Qh4 Qc8 12. Nd2 Nxd3 13. cxd3 b5 14. Qf2 Qa6 15.
h3 b4 16. Ncb1 Bd7 17. Qe2 e6 18. dxe6 fxe6 19. Nc4 d5 20. exd5 exd5 21. Ne5
Ne4 22. Qe1 Bxe5 23. dxe4 dxe4 24. Nd2 Bd4 25. Nb3 Bb5 26. Rf2 Bxf2 27. Qxf2 c4
28. Nc5 Qc6 29. Be3 Rbc8 30. a4 bxa3 31. Rxa3 a6 32. Qc2 Rfe8 33. b4 Qf6 34.
Bc1 Red8 35. Rg3 Qd4 36. Kh2 Rd5 37. Re3 a5 38. Nxe4 axb4 39. Qe2 c3 40. Qf3
Rf5 41. g4 Rff8 42. Ng5 0-1

[Event "NED-ch 1984"]
[Site "Hilversum"]
[Date "1984.??.??"]
[Round "10"]
[White "Van Mil, Johan"]
[Black "Kuijf, Rini"]
[Result "1/2-1/2"]
[WhiteElo "2400"]
[BlackElo "2405"]
[PlyCount "21"]
[EventDate "1984.??.??"]
[Source "ChessBase"]
[SourceDate "1999.07.01"]

1. e4 e6 2. d4 d5 3. exd5 exd5 4. Bd3 Bd6 5. Qf3 c6 6. Ne2 Qf6 7. Bf4 Bxf4 8.
Qxf4 Qxf4 9. Nxf4 Nf6 10. O-O O-O 11. Nd2 1/2-1/2

[Event "NED-ch 1984"]
[Site "Hilversum"]
[Date "1984.??.??"]
[Round "10"]
[White "Van Wijgerden, Cor"]
[Black "Bohm, Hans"]
[Result "1/2-1/2"]
[WhiteElo "2435"]
[BlackElo "2415"]
[PlyCount "85"]
[EventDate "1984.??.??"]
[Source "ChessBase"]
[SourceDate "1999.07.01"]

1. e4 e6 2. d4 d5 3. Nc3 Bb4 4. Nge2 Nf6 5. Bg5 dxe4 6. a3 Be7 7. Bxf6 gxf6 8.
Nxe4 b6 9. N2c3 Bb7 10. Bc4 f5 11. Ng3 c6 12. O-O Ba6 13. Bxa6 Nxa6 14. Re1 Nc7
15. Qe2 Qd6 16. Rad1 Rd8 17. Nb1 Kf8 18. c3 Nd5 19. Nd2 Nf4 20. Qf3 Ng6 21. Qh5
Qf4 22. Nf3 Rg8 23. Ne2 Qd6 24. Rd3 Rg7 25. Re3 f4 26. Rd3 Qd5 27. Qxd5 cxd5
28. Ne5 Bd6 29. Nc1 Bxe5 30. dxe5 Nh4 31. g3 Rc8 32. Nb3 Rg5 33. Nd4 Ke7 34.
Kf1 fxg3 35. hxg3 Nf5 36. Nxf5+ Rxf5 37. Rd4 h5 38. Kg2 a5 39. f4 f6 40. exf6+
Kxf6 41. Kf3 Ke7 42. Rd2 b5 43. Rd4 1/2-1/2

[Event "NED-ch 1984"]
[Site "Hilversum"]
[Date "1984.??.??"]
[Round "11"]
[White "Bohm, Hans"]
[Black "Stehouwer, Coen"]
[Result "1-0"]
[WhiteElo "2415"]
[BlackElo "2285"]
[PlyCount "85"]
[EventDate "1984.??.??"]
[Source "ChessBase"]
[SourceDate "1999.07.01"]

1. d4 Nf6 2. c4 e6 3. Nc3 Bb4 4. Qc2 c5 5. dxc5 O-O 6. a3 Bxc5 7. Nf3 Nc6 8.
Bg5 Nd4 9. Nxd4 Bxd4 10. e3 Qa5 11. exd4 Qxg5 12. g3 d6 13. f4 Qa5 14. b4 Qc7
15. Be2 b6 16. O-O Bb7 17. Rac1 Rfc8 18. Qd3 Ba6 19. b5 Bb7 20. g4 Qe7 21. g5
Nd7 22. Qe3 Re8 23. Bd3 g6 24. Rfe1 Qf8 25. a4 Rac8 26. Qf2 Rc7 27. h4 Rec8 28.
Qd2 d5 29. h5 dxc4 30. Be4 Qb4 31. Bxb7 Rxb7 32. h6 Rbc7 33. Qe3 Qf8 34. Rcd1
Re8 35. Kh2 Rcc8 36. Kh3 f6 37. Re2 fxg5 38. fxg5 Qf5+ 39. Kh4 e5 40. Rf2 exd4
41. Qxd4 Qe5 42. Qxd7 Qxc3 43. Rd4 1-0

[Event "NED-ch 1984"]
[Site "Hilversum"]
[Date "1984.??.??"]
[Round "11"]
[White "Cuijpers, Frans"]
[Black "Ree, Hans"]
[Result "1/2-1/2"]
[WhiteElo "2365"]
[BlackElo "2465"]
[PlyCount "82"]
[EventDate "1984.??.??"]
[Source "ChessBase"]
[SourceDate "1999.07.01"]

1. e4 c5 2. Nf3 d6 3. d4 cxd4 4. Nxd4 Nf6 5. Nc3 e6 6. Be2 Be7 7. O-O O-O 8. f4
a6 9. a4 Qc7 10. Qe1 b6 11. Bf3 Bb7 12. Kh1 Nc6 13. Be3 Nxd4 14. Bxd4 e5 15.
fxe5 dxe5 16. Qg3 Bd6 17. Be3 Kh8 18. Rad1 Rad8 19. Bg5 Be7 20. Qh4 Rd4 21.
Rxd4 exd4 22. Ne2 Qe5 23. Nc1 h6 24. Bxf6 Bxf6 25. Nd3 Qc7 26. Qf2 Re8 27. e5
Bxe5 28. Bxb7 Qxb7 29. Nxe5 Rxe5 30. Qxd4 Rd5 31. Qe4 f5 32. Qf3 Qd7 33. h3 Kh7
34. b3 b5 35. axb5 axb5 36. c4 bxc4 37. bxc4 Re5 38. Rc1 Qd4 39. Qc3 Qxc3 40.
Rxc3 f4 41. g3 fxg3 1/2-1/2

[Event "NED-ch 1984"]
[Site "Hilversum"]
[Date "1984.??.??"]
[Round "11"]
[White "Kuijf, Rini"]
[Black "Ligterink, Gert"]
[Result "1-0"]
[WhiteElo "2405"]
[BlackElo "2440"]
[PlyCount "147"]
[EventDate "1984.??.??"]
[Source "ChessBase"]
[SourceDate "1999.07.01"]

1. e4 c5 2. Nf3 e6 3. d4 cxd4 4. Nxd4 Nc6 5. Nc3 d6 6. Be3 Nf6 7. f4 e5 8. fxe5
Ng4 9. Qd2 Nxe3 10. Qxe3 dxe5 11. Nxc6 bxc6 12. Qg3 Qa5 13. Bc4 Bb4 14. O-O-O
O-O 15. Rd3 Kh8 16. Rhd1 Qc5 17. Bb3 Qe7 18. a3 Bc5 19. Na4 Bd4 20. c3 Bb6 21.
Nxb6 axb6 22. Rd6 b5 23. Qe3 f5 24. Rxc6 fxe4 25. Bc2 Bg4 26. Qxe4 Bf5 27. Qe3
Bxc2 28. Kxc2 Qh4 29. Rc7 Rae8 30. Kb1 Qg4 31. Qd2 e4 32. Re1 Rd8 33. Qe2 Qe6
34. Kc1 Rfe8 35. Qe3 Qe5 36. Rc5 Qxh2 37. Qg5 Rd7 38. Rxb5 Qd6 39. Qe3 Rde7 40.
Rb6 Qd5 41. Rb4 h6 42. Rd1 Qf5 43. Rbd4 Qg6 44. R1d2 Kh7 45. Re2 Re5 46. c4
R8e7 47. b4 Qf6 48. Kc2 Qc6 49. Kb2 Qf6 50. Ka2 Qe6 51. a4 Qa6 52. Ka3 Ra7 53.
Qb3 Qf6 54. Qc2 Qf1 55. Rd1 Qf4 56. Rde1 Rae7 57. Re3 g6 58. Qd2 Qf5 59. Rd1
Qg5 60. Qe2 h5 61. Rd4 Qf6 62. Kb3 Qb6 63. Qd2 Qf6 64. b5 Qf1 65. Re1 Qf6 66.
Qe3 Qe6 67. Red1 Qb6 68. R4d3 Qa5 69. Rd7 Qa8 70. R1d5 R5e6 71. Rd8 Qb7 72. Qd4
Kh6 73. Rh8+ Rh7 74. Rd7 1-0

[Event "NED-ch 1984"]
[Site "Hilversum"]
[Date "1984.??.??"]
[Round "11"]
[White "Langeweg, Kick"]
[Black "Scheeren, Peter"]
[Result "1/2-1/2"]
[WhiteElo "2415"]
[BlackElo "2445"]
[PlyCount "88"]
[EventDate "1984.??.??"]
[Source "ChessBase"]
[SourceDate "1999.07.01"]

1. d4 Nf6 2. c4 e6 3. Nf3 b6 4. g3 Ba6 5. b3 Bb4+ 6. Bd2 Be7 7. Nc3 d5 8. cxd5
Nxd5 9. Bg2 Nd7 10. Nxd5 exd5 11. O-O O-O 12. Rc1 c5 13. Be3 Re8 14. Rc2 Bf6
15. dxc5 Nxc5 16. Nd4 Qd7 17. Bf3 Ne4 18. Qc1 Rac8 19. Rxc8 Bxc8 20. Qb2 Bb7
21. Rc1 g6 22. Rc2 Rc8 23. Qc1 Rxc2 24. Qxc2 h5 25. h4 Qe7 26. Qc1 a6 27. Kg2
Kh7 28. Kg1 Bg7 29. a3 f5 30. Nc2 Qc7 31. Nb4 Nc3 32. Bf4 Qf7 33. Qc2 d4 34.
Nc6 Qe8 35. Nxd4 Bxf3 36. Nxf3 Nxe2+ 37. Kg2 Nxf4+ 38. gxf4 Qe7 39. Qc6 Qxa3
40. Ng5+ Kh6 41. Nf7+ Kh7 42. Ng5+ Kh6 43. Qxb6 Qc1 44. Qb7 Qd1 1/2-1/2